| 000 | 00497ntaaa2200181 4500 | ||
|---|---|---|---|
| 003 | 01 | ||
| 005 | 20251027202641.0 | ||
| 008 | 0714s1973 ag 01 | ||
| 040 |
_aAR-BaBN _bspa _cAR-BaBN _eaacr _dRIC |
||
| 082 | _a372.5000 G87 | ||
| 100 |
_aGrigera, Tomás E _925933 |
||
| 245 | _aPreparación de material escolar e ilustraciones para la enseñanza | ||
| 250 | _a1 ed. | ||
| 260 |
_aBuenos Aires : _bEditorial Hobby, _c1955 |
||
| 300 | _a126 p | ||
| 650 |
_atrabajos manuales _917557 |
||
| 942 | _cBK | ||
| 999 |
_c21667 _d21667 |
||